000 00261nam a2200097Ia 4500
001 793350
005 20250826170647.0
008 250824s9999 xx 000 0 und d
245 0 _aSENİ İÇİMDEN TERK EDEMİYORUM
_cKAHRAMAN TAZEOĞLU
260 _bDESTEK YAYINLARI
999 _c793350
_d793350